| 000 | 00764nam a22002417a 4500 | ||
|---|---|---|---|
| 003 | OSt | ||
| 005 | 20260512161134.0 | ||
| 008 | 260512b |||||||| |||| 00| 0 eng d | ||
| 020 | _a9781465454058 | ||
| 040 | _aKenya National Library Service | ||
| 082 | _a741.5973 LEG | ||
| 110 | _aLEGO Group. | ||
| 245 |
_aLEGO DC Comics Super Heroes : _bfight the villains / _cLEGO Group. |
||
| 250 | _aFirst American edition. | ||
| 300 |
_a191 pages : _bcolour illustrations ; _c24 cm. |
||
| 490 | _aLEGO DC Comics Super Heroes. | ||
| 504 | _aIncludes index. | ||
| 650 |
_aSuperheroes _vComic books, strips, etc. |
||
| 650 | _aChildren's stories, English. | ||
| 942 |
_2ddc _cBK _n0 |
||
| 999 |
_c492736 _d492736 |
||